000 01518nam a22003977a 4500
003 CHAP
005 20220329133847.0
008 971013s1986 r 00010 d
010 _a11905
011 _a12877
035 _a16613
040 _cCHAP
090 _aTesis
100 0 0 _aRentería Oseguera, José Jaime.
_995975
245 _aComportamiento de familias de hermanos completos derivados de la variedad sintética de maíz (Zea mays L.) vs-22 al virus rayado fino y mosaico y enanismo del maíz
260 _aChapingo, Méx. :
_bEl autor,
_c1986
300 _a43 h.
502 _aTesis (Ing. Agr. Esp. en Parasitología Agrícola) -- UACH. Departamento de Parasitología Agrícola
590 _aALEPH
_b10
_c20130110
_lUCH01
_h1230
590 _aBATCH-UPD
_b10
_c20130110
_lUCH01
_h0201
590 _aBATCH-UPD
_b10
_c20130110
_lUCH01
_h1722
590 _aBATCH-UPD
_b10
_c20130409
_lUCH01
_h2208
590 _aBATCH-UPD
_b10
_c20130410
_lUCH01
_h1105
590 _aBATCH-UPD
_b10
_c20130914
_lUCH01
_h1135
590 _aCONVERSION
_b10
_c20130109
_lUCH01
_h1308
650 1 4 _aAchaparramiento del maiz.
_9542
650 1 4 _aDalbulus maidis.
_930930
650 1 4 _aMaíz
_xEnfermedades por virus.
_970943
650 1 4 _aMaíz
_xHíbridos.
_970974
650 1 4 _aMaíz
_xVariedades resistentes a enfermedades.
_971082
650 1 4 _aVirus del mosaico del maíz.
_9119962
901 _aBK
942 _cFOLL
949 _bBC
_cTES
_d-149865
_eTS1
_h18974
_i16613
_si
949 _bBC
_cTES
_d-149866
_eTS2
_fc.2
_h18975
_i16613
_si
999 _c11905
_d11905